| 000 | 00527pam a2200193 a 4500 | ||
|---|---|---|---|
| 020 |
_a0195665392 _c445.00 |
||
| 041 |
_aeng _hNULL |
||
| 082 |
_a616.4 _bTUR/WAS |
||
| 100 | _aTURNER, H . | ||
| 245 |
_aOXFORD HAND BOOK OF ENDOCRINOLOGY & DIABETES / _cNULL. _hTextual Documents |
||
| 260 |
_aNULL : _bOXFORD UNIVERSITY PRESS , _c2003. |
||
| 300 |
_a1005 : _bxix ; _cNULL . |
||
| 365 |
_a445.00 _e2 |
||
| 700 | _aWASS, J . | ||
| 907 |
_a3420 _a3421 |
||
| 930 | _a1154 | ||
| 999 |
_c795690 _d795690 |
||
| 650 | _aGEN.MEDICINE | ||